Statystyki dla Państwa Nieuznawane

Kliknij tutaj aby rozwiązać quiz!

Ogólne statystyki

  • Ten quiz został rozwiązany 228 razy
  • Średni wynik to 8 z 15

Statystyki odpowiedzi

PodpowiedźPaństwo% Poprawnych
Zajmujące część Serbii - Państwo częściowo uznane na arenie międzynarodowej.Kosowo
88%
Zajmujące część Mołdawii - Państwo nieuznawane, ale kontrolujące swoje terytorium.Naddniestrze
74%
Zajmujące część Cypru - Państwo częściowo uznane na arenie międzynarodowej.Cypr północny
69%
Zajmujące część Chin - Państwo częściowo uznane na arenie międzynarodowej.Republika Chińska
68%
Zajmujące część Palestyny - Państwo o nieustalonym statusie.Palestyna
61%
Zajmujące część Maroka - Państwo o nieustalonym statusie.Sahara Zachodnia
60%
Zajmujące część Gruzji - Państwo częściowo uznane na arenie międzynarodowej.Abchazja
56%
Zajmujące część Somalii - Państwo nieuznawane, ale kontrolujące swoje terytorium.Somaliland
56%
Zajmujące część Gruzji - Państwo częściowo uznane na arenie międzynarodowej.Osetia Południowa
54%
Zajmujące część Ukrainy - Państwo nieuznawane, ale kontrolujące swoje terytorium.Doniecka Republika Ludowa
48%
Zajmujące część Azerbejdżanu - Państwo nieuznawane, ale kontrolujące swoje terytorium.Górski Karabach
48%
Zajmujące część Rosji - Państwo nieuznawane, ale kontrolujące swoje terytorium.Czeczenia
45%
Zajmujące część Iraku - Państwo nieuznawane, ale kontrolujące swoje terytorium.Kurdystan
38%
Zajmujące część Ukrainy - Państwo nieuznawane, ale kontrolujące swoje terytorium.Ługańska Republika Ludowa
38%
Zajmujące część Mołdawii - Państwo nieuznawane, ale kontrolujące swoje terytorium.Gagauzja
5%

Rozkład punktacji

Percentyl według liczby udzielonych odpowiedzi

Procent ludzi z każdym wynikiem

Twoja historia wyników

Nie rozwiązałeś tego quizu